000 00599na a2200217 4500
001 19073
003 MIRAKIL
005 20181213155052.0
008 161208b tu 000 0
040 _aMilas
_btur
_cTR-AnCHP
041 _atur
082 _a372.8
_bS34 1985
090 _a372.8 S34 1985
100 _aSel, Ruhi
245 _aİlk ve ortaokulda beden eğitimi
_cRuhi Sel
260 _aAnkara
_bÖğretmen Yayınları
_c1985
300 _a110 s.
_btbl.
_c20 sm.
490 _aÖğretmen Yayınları
_v7
650 _aEğitim ve öğretim
_xBeden eğitimi
_zTürkiye
942 _2ddc
_cBKS
999 _c5982
_d5982